Statystyki dla Rozpoznaj wykonawcę po 3 piosenkach! #3

Kliknij tutaj aby rozwiązać quiz!

Ogólne statystyki

  • Ten quiz został rozwiązany 144 razy
  • Średni wynik to 5 z 15

Statystyki odpowiedzi

PiosenkiWykonawca% Poprawnych
Havana, My Oh My, Crying in the ClubCamila Cabello
83%
I Don't Care, Perfect, Cross MeEd Sheeran
57%
No Time To Die, All the Good Girls Go to Hell, when the party's overBillie Eilish
55%
Back to Black, Rehab, Valerie.Amy Winehouse
52%
Pogba, Nowy Sezon, ToastYoung Multi
45%
Yeah!, DJ Got Us Fallin' In Love, My BooUsher
39%
Balans, Drugi Brzeg, TIRyPaluch
33%
Go Flex, Take What You Want, Better NowPost Malone
33%
California Love, Changes, All Eyez on Me2pac
27%
YAYA, TROLLZ, BILLY6ix9ine
24%
a lot, monster, Bank Account21 Savage
17%
Dip, Taste, IbizaTyga
15%
Many Men, Just A Lil Bit, Disco Inferno50 Cent
12%
Donald Trump, Dang!, Good NewsMac Miller
11%
Drip Too Hard, SKYBOX, Close FriendsGunna
8%

Rozkład punktacji

Percentyl według liczby udzielonych odpowiedzi

Procent ludzi z każdym wynikiem

Twoja historia wyników

Nie rozwiązałeś tego quizu